000 01767cam a2200433 a 4500
001 15518368
005 20200421093819.0
008 081112s2007 nyu 000 1 eng
010 _a 2008300881
020 _a9780760793459
020 _a076079345X
040 _aDLC
_cDLC
_dDLC
041 1 _aeng
_hfre
050 0 0 _aPQ2246
_b.A235 2007
082 0 0 _a843/.8
_222
100 1 _aFlaubert, Gustave,
_d1821-1880.
_9241
240 1 0 _aNovels.
_lEnglish.
_kSelections.
245 1 0 _aFive novels :
_bcomplete and unabridged /
_cGustave Flaubert.
246 3 _aGustave Flaubert, five novels
260 _aNew York :
_bBarnes & Noble,
_cc2007.
300 _axii, 1246 p. ;
_c26 cm.
490 0 _aLibrary of essential writers
505 0 _aMadame Bovary -- Salammbo -- Sentimental education -- Temptation of Saint Anthony -- Bouvard and Pecuchet.
600 1 0 _aFlaubert, Gustave,
_d1821-1880
_vTranslations into English.
_9735
650 0 _aFrench fiction
_y19th century
_vTranslations into English.
_9736
700 1 2 _aFlaubert, Gustave,
_d1821-1880.
_tMadame Bovary.
_lEnglish
_9242
700 1 2 _aFlaubert, Gustave,
_d1821-1880.
_tSalammbĂ´.
_lEnglish.
_9737
700 1 2 _aFlaubert, Gustave,
_d1821-1880.
_tEducation sentimentale.
_lEnglish
_9243
700 1 2 _aFlaubert, Gustave,
_d1821-1880.
_tTentation de saint Antoine.
_lEnglish
_9244
700 1 2 _aFlaubert, Gustave,
_d1821-1880.
_tBouvard et Pécuchet.
_lEnglish
_9738
740 0 2 _aMadame Bovary.
740 0 2 _aSalammbo.
740 0 2 _aSentimental education.
740 0 2 _aTemptation of Saint Anthony.
740 0 2 _aBouvard and Pecuchet.
906 _a7
_bcbc
_corignew
_d2
_encip
_f20
_gy-gencatlg
942 _2ddc
_cBK
999 _c99
_d99